00330nam a2200097Ia 4500008004100000100002100041245007200062245004100134650001300175856004400188170221s9999 xx 000 0 und d aSharon M. Taylor 4aThe Solution to the Financial Literacy Problem: What is the Answer? cSharon M. Taylor and Suzanne Wagland xBusiness uhttp://ro.uow.edu.au/aabfj/vol7/iss3/5/